| 000 | 00435nam a22001697a 4500 | ||
|---|---|---|---|
| 003 | MPLRDC | ||
| 005 | 20220104144346.0 | ||
| 008 | 210129b ||||| |||| 00| 0 eng d | ||
| 082 | _a617 ZW-2 | ||
| 100 | _a中外出版社历史编写组 | ||
| 245 |
_a中国古代的文化 _c |
||
| 260 |
_a _b中外出版社 _c1977 |
||
| 300 | _b平 | ||
| 490 | _a中国历史知识丛书 | ||
| 650 | _a中国史地杂论 | ||
| 942 |
_cBK _o617 ZW-2 |
||
| 999 |
_c48843 _d48833 |
||